| 000 | 00377pam a2200157a 44500 | ||
|---|---|---|---|
| 008 | 230515b2011 xxu||||| |||| 00| 0 eng d | ||
| 020 | _a9788126510566 | ||
| 041 | _aENGLISH | ||
| 082 | _a621.38 | ||
| 100 | _aMOLISCH A.F. | ||
| 245 | _aWIRELESS COMMUNICATION | ||
| 250 | _a2011 | ||
| 260 |
_aNEW DELHI _bWILEY INDIA PUBLICATION _c2011 |
||
| 300 | _a622P. | ||
| 650 | _aNULL | ||
| 999 |
_c609653 _d609653 |
||